000 00531nam a22001937a 4500
003 OSt
005 20250728130151.0
008 250728b |||||||| |||| 00| 0 spa d
020 _a9507396713
037 _bDonación
040 _aCO-JMCR
_bspa
_cCO-JMCR
_dCO-JMCR
_erda
041 0 _aspa
082 0 4 _223
_a193
_bN67i
100 1 _aNietzsche, Friedrich,
_eautor
_912719
245 1 0 _aIdeas Fuertes /
_cFriedrichs Nietzche.
260 _aBuenos Aires :
_bLongseller,
_c©1999.
300 _a144 páginas :
_c15 cm.
942 _2ddc
_cBK
999 _c31054
_d17438